000 00343nam a2200133Ia 4500
008 190415s9999 xx 000 0 und d
082 _aTS.1055
100 _aSharma, Manoj Kumar
245 0 _aAsprastya ka swaroop evam parinam: ek samajshastriya adhyayan
250 _aBarakatullah Vishwav
260 _c2008
300 _a176
942 _cTH
999 _c10861
_d10861